Presidentes del Consejo de Ministros y del Gobierno de España - Estadísticas

Estadísticas generales
  • Esta prueba ha sido intentada 460 veces
  • La puntuación promedio es 51 de 95
Estadísticas de respuestas
Toma de posesión Cargo Presidente Partido % Correcto
2 junio 2018 Pte. Gobierno Pedro Sánchez PSOE
97%
21 diciembre 2011 Pte. Gobierno Mariano Rajoy PP
96%
17 abril 2004 Pte. Gobierno José Luis Rodríguez Zapatero PSOE
95%
5 mayo 1996 Pte. Gobierno José María Aznar PP
95%
14 febrero 1931 Pte.Consejo Ministros Almirante Juan Bautista Aznar
94%
5 julio 1977 Pte. Gobierno Adolfo Suárez UCD
93%
3 diciembre 1982 Pte. Gobierno Felipe González PSOE
93%
24 febrero 1981 Pte. Gobierno Leopoldo Calvo Sotelo UCD
89%
31 enero 1938 Jefe de Estado y Pte.Gobierno General Francisco Franco
88%
18 junio 1869 Pte.Consejo Ministros General Juan Prim P.Progresista
81%
14 octubre 1931 Pte.Consejo Ministros Manuel Azaña Acción Republic.
80%
19 febrero 1936 Pte.Consejo Ministros Manuel Azaña Izquierda Rep.
80%
9 junio 1973 Pte. Gobierno Almirante Luis Carrero Blanco
79%
31 diciembre 1874 Pte.Consejo Ministros Antonio Cánovas del Castillo Alfonsino
79%
2 diciembre 1875 Pte.Consejo Ministros Antonio Cánovas del Castillo Alfonsino
79%
9 diciembre 1879 Pte.Consejo Ministros Antonio Cánovas del Castillo PL Conservador
79%
18 enero 1884 Pte.Consejo Ministros Antonio Cánovas del Castillo PL Conservador
79%
5 julio 1890 Pte.Consejo Ministros Antonio Cánovas del Castillo PL Conservador
79%
21 marzo 1895 Pte.Consejo Ministros Antonio Cánovas del Castillo PL Conservador
79%
12 diciembre 1871 Pte.Consejo Ministros Práxedes Mateo Sagasta P. Constitucional
76%
3 septiembre 1874 Pte.Consejo Ministros Práxedes Mateo Sagasta P. Constitucional
76%
8 febrero 1881 Pte.Consejo Ministros Práxedes Mateo Sagasta P. Liberal Fus.
76%
27 noviembre 1885 Pte.Consejo Ministros Práxedes Mateo Sagasta P. Liberal
76%
11 diciembre 1892 Pte.Consejo Ministros Práxedes Mateo Sagasta P. Liberal
76%
4 octubre 1897 Pte.Consejo Ministros Práxedes Mateo Sagasta P. Liberal
76%
6 marzo 1901 Pte.Consejo Ministros Práxedes Mateo Sagasta P. Liberal
76%
31 diciembre 1973 Pte. Gobierno Carlos Arias Navarro
71%
13 septiembre 1923 Pte.Consejo Ministros General Miguel Primo de Rivera Unión Patriótica
69%
17 mayo 1937 (de facto, hasta abril 1939) Pte.Consejo Ministros Juan Negrín PSOE
68%
12 septiembre 1933 Pte.Consejo Ministros Alejandro Lerroux PR Radical
66%
16 diciembre 1933 Pte.Consejo Ministros Alejandro Lerroux PR Radical
66%
4 octubre 1934 Pte.Consejo Ministros Alejandro Lerroux PR Radical
66%
14 abril 1931 Pte.Consejo Ministros Niceto Alcalá-Zamora Derecha Liberal Republicana
64%
4 septiembre 1936 Pte.Consejo Ministros Francisco Largo Caballero PSOE
63%
8 octubre 1868 Pte.Consejo Ministros General Francisco Serrano Unión Liberal
60%
4 enero 1871 Pte.Consejo Ministros General Francisco Serrano Unión Liberal
60%
26 mayo 1872 Pte.Consejo Ministros General Francisco Serrano Conservadores
60%
3 enero 1874 Pte. del Poder Ejecutivo General Francisco Serrano PL Conservador
60%
9 febrero 1910 Pte.Consejo Ministros José Canalejas P.Demócrata Monárquico
58%
27 octubre 1913 Pte.Consejo Ministros Eduardo Dato PL Conservador
57%
11 junio 1917 Pte.Consejo Ministros Eduardo Dato PL Conservador
57%
5 mayo 1920 Pte.Consejo Ministros Eduardo Dato PL Conservador
57%
28 enero 1930 Pte.Consejo Ministros General Dámaso Berenguer
55%
6 diciembre 1903 Pte.Consejo Ministros Antonio Maura PL Conservador
54%
21 abril 1907 Pte.Consejo Ministros Antonio Maura PL Conservador
54%
22 marzo 1918 Pte.Consejo Ministros Antonio Maura PL Conservador
54%
15 abril 1919 Pte.Consejo Ministros Antonio Maura PL Conservador
54%
13 agosto 1921 Pte.Consejo Ministros Antonio Maura PL Conservador
54%
8 septiembre 1873 Pte. de la República Emilio Castelar P.Republicano Federal
54%
11 junio 1873 Pte. de la República Francisco Pi y Margall P.Republicano Federal
54%
19 julio 1873 Pte. de la República Nicolás Salmerón P.Republicano Federal
52%
11 febrero 1873 Pte. de la República Estanislao Figueras P.Republicano Federal
51%
8 octubre 1933 Pte.Consejo Ministros Diego Martínez Barrio PR Radical
44%
19 julio 1936 Pte.Consejo Ministros Diego Martínez Barrio Unión Rep.
44%
27 diciembre 1870 Pte.Consejo Ministros Almirante Juan Bautista Topete Unión Liberal
43%
12 noviembre 1912 Pte.Consejo Ministros Manuel García Prieto P. Liberal
43%
19 abril 1917 Pte.Consejo Ministros Manuel García Prieto P.Demócrata Monárquico
43%
3 noviembre 1917 Pte.Consejo Ministros Manuel García Prieto P.Demócrata Monárquico
43%
9 noviembre 1918 Pte.Consejo Ministros Manuel García Prieto P.Demócrata Monárquico
43%
7 diciembre 1922 Pte.Consejo Ministros Manuel García Prieto P.Demócrata Monárquico
43%
1 septiembre 1923 Pte.Consejo Ministros Manuel García Prieto P.Demócrata Monárquico
43%
13 mayo 1936 Pte.Consejo Ministros Santiago Casares Quiroga Izquierda Rep.
42%
20 diciembre 1973 Pte. Gobierno interino Torcuato Fernández-Miranda
42%
8 marzo 1879 Pte.Consejo Ministros General Arsenio Martínez-Campos PL Conservador
41%
14 noviembre 1912 Pte.Consejo Ministros Álvaro Figueroa Torres | Conde de Romanones P. Liberal
39%
9 diciembre 1915 Pte.Consejo Ministros Álvaro Figueroa Torres | Conde de Romanones P. Liberal
39%
5 diciembre 1918 Pte.Consejo Ministros Álvaro Figueroa Torres | Conde de Romanones P. Liberal
39%
24 julio 1871 Pte.Consejo Ministros Manuel Ruiz-Zorrilla P. Radical
36%
13 junio 1872 Pte.Consejo Ministros Manuel Ruiz-Zorrilla P. Radical
36%
4 marzo 1899 Pte.Consejo Ministros Francisco Silvela Unión Conservadora
35%
6 diciembre 1902 Pte.Consejo Ministros Francisco Silvela PL Conservador
35%
19 julio 1936 Pte.Consejo Ministros José Giral Izquierda Rep.
35%
1 diciembre 1905 Pte.Consejo Ministros Segismundo Moret P. Liberal
32%
20 noviembre 1906 Pte.Consejo Ministros Segismundo Moret P. Liberal
32%
21 octubre 1909 Pte.Consejo Ministros Segismundo Moret P. Liberal
32%
9 agosto 1897 Pte.Consejo Ministros General Marcelo Azcárraga PL Conservador
30%
22 octubre 1899 Pte.Consejo Ministros General Marcelo Azcárraga PL Conservador
30%
16 diciembre 1904 Pte.Consejo Ministros General Marcelo Azcárraga PL Conservador
30%
14 diciembre 1935 Pte.Consejo Ministros Manuel Portela Valladares P.Centro Nacional Republicano
30%
28 abril 1934 Pte.Consejo Ministros Ricardo Samper PR Radical
30%
20 julio 1903 Pte.Consejo Ministros Raimundo Fernández Villaverde PL Conservador
28%
27 enero 1905 Pte.Consejo Ministros Raimundo Fernández Villaverde PL Conservador
28%
25 septiembre 1935 Pte.Consejo Ministros Joaquín Chapaprieta Izquierda Liberal
27%
23 junio 1905 Pte.Consejo Ministros Eugenio Montero Ríos P. Liberal
25%
20 julio 1919 Pte.Consejo Ministros Joaquín Sánchez de Toca PL Conservador
25%
26 febrero 1874 Pte.Consejo Ministros General Juan de Zavala PL Conservador
24%
5 octubre 1871 Pte.Consejo Ministros José Malcampo P. Constitucional
24%
8 marzo 1922 Pte.Consejo Ministros José Sánchez Guerra PL Conservador
24%
12 diciembre 1919 Pte.Consejo Ministros Manuel Allendesalazar PL Conservador
24%
12 marzo 1921 Pte.Consejo Ministros Manuel Allendesalazar PL Conservador
24%
9 marzo 1921 Pte.Consejo Ministros Gabino Bugallal PL Conservador
23%
6 julio 1906 Pte.Consejo Ministros General José López Domínguez P. Liberal
23%
13 octubre 1883 Pte.Consejo Ministros José Posada Herrera Izquierda Dinástica
23%
12 septiembre 1875 Pte.Consejo Ministros General Joaquín Jovellar Alfonsino
21%
4 diciembre 1906 Pte.Consejo Ministros Marqués de la Vega de Armijo P. Liberal
19%
No se encontraron pruebas coincidentes
Distribución de puntuación
Porcentaje de gente con cada puntuación
Porcentaje por número respondido
Historial de tus puntuaciones
No has intentado esta prueba.